• 首页
  • 本馆介绍
  • 公告通知
  • 最新文献
  • 馆藏检索
  • 电子资源
  • 读者导购
  • 参考咨询
  • 我的图书馆
  • 登录
  • 详细信息显示
  • 放入我的书架
  • 预约/预借图书
  • 作者相关作品
  • 分类相关作品
  • 丛书相关作品
  • 出版社相关作品

书目信息

  • 表格格式
  • 工作单格式
  • 卡片格式
题名:
医学生物学
    
 
作者: 左 伋 著
分册:  
出版信息: 北京   人民卫生出版社  2002
页数: 237页
开本: 26cm
丛书名:
单 册:
中图分类: R31
科图分类:
主题词: 医药学:基础科学 , 医学人类学
电子资源:
ISBN: 7-117-04248-6
000 00721nam0 2200265 450
001 0634299642
005 20060929093557.12
010    @a7-117-04248-6@dCNY19.00
100    @a20060929d2002 km y0chiy0120 ea
101 0  @achi
102    @aCN@b110000
200 1  @a医学生物学@Ayi xue sheng wu xue@f左 伋 著@Fzuo ji zhu
205    @a5
210    @a北京@c人民卫生出版社@d2002
210    @a北京@c人民卫生出版社
215    @a237页@d26cm
300    @a新世纪课程教材
300    @a全国高等医药院校教材
300    @a供基础、预防、临床、口腔医学类专业用
606 0  @a医药学:基础科学
606 0  @a医学人类学
690    @aR31@v3
701  0 @a左 伋@Azuo ji@4著
801  0 @aCN@bPFT@c20060929
905    @a10447@dR31@e115=5
    
    医学生物学/左 伋 著.-5.-北京:人民卫生出版社,2002.-北京:人民卫生出版社
    237页;26cm
    新世纪课程教材.-全国高等医药院校教材.-供基础、预防、临床、口腔医学类专业用
    
    ISBN 7-117-04248-6:CNY19.00
    
●
相关链接 在E读中查询图书 在五车中查询图书 在当当中查询图书 在豆瓣中查询图书


正题名:医学生物学     索取号:R31/115=5         预约/预借

序号 登录号 条形码 馆藏地/架位号 状态 备注
1 0483958   204839586   密集书库/ [索取号:R31/115=5] 在馆    
2 0483959   204839595   密集书库/ [索取号:R31/115=5] 在馆    
唐山师范学院图书馆 欢迎您!
大连网信软件有限公司© 版权所有